Statystyki dla Odliczaj od 50 w 15 sekund

Kliknij tutaj aby rozwiązać quiz!

Ogólne statystyki

  • Ten quiz został rozwiązany 614 razy
  • Średni wynik to 13 z 50

Statystyki odpowiedzi

Number% Poprawnych
50
98%
49
88%
47
85%
48
85%
46
82%
45
81%
44
79%
43
74%
42
71%
41
69%
40
55%
39
48%
38
44%
37
41%
36
38%
35
36%
34
33%
33
28%
32
21%
31
17%
30
14%
29
9%
28
7%
27
6%
1
5%
26
5%
24
4%
25
4%
22
3%
23
3%
19
2%
2
2%
20
2%
21
2%
10
1%
11
1%
12
1%
13
1%
14
1%
15
1%
16
1%
17
1%
18
1%
3
1%
4
1%
5
1%
6
1%
7
1%
8
1%
9
1%

Rozkład punktacji

Percentyl według liczby udzielonych odpowiedzi

Procent ludzi z każdym wynikiem

Twoja historia wyników

Nie rozwiązałeś tego quizu